Countries With a R and U - Statistics

General Stats
  • This quiz has been taken 47 times
  • The average score is 24 of 37
Answer Stats
Answer % Correct
Australia
97%
Uruguay
94%
Paraguay
91%
Russia
88%
Austria
85%
Dominican Republic
82%
D.R. Congo
79%
Turkey
79%
Belarus
76%
Burundi
76%
Luxembourg
76%
Turkmenistan
76%
Nauru
73%
Peru
73%
Rep. of the Congo
73%
Suriname
73%
United Arab Emirates
73%
Ecuador
70%
Honduras
70%
Nicaragua
70%
Bulgaria
67%
South Korea
67%
Central African Republic
64%
Saudi Arabia
64%
Antigua and Barbuda
61%
Czech Republic
58%
Portugal
58%
Mauritius
55%
Mauritania
52%
South Africa
52%
Ukraine
52%
Equatorial Guinea
48%
Brunei
45%
Burkina Faso
45%
Hungary
45%
Cyprus
27%
Cuba
9%
No matching quizzes found
Score Distribution
Percent of People with Each Score
Percentile by Number Answered
Your Score History
You have not taken this quiz